Victor Hugo philosophe (Registro nro. 192532)

Detalles MARC
001 - NÚMERO DE CONTROL
campo de control 647901
005 - FECHA Y HORA DE LA ÚLTIMA TRANSACCIÓN
campo de control 20260506090349.0
008 - DATOS DE LONGITUD FIJA--INFORMACIÓN GENERAL
campo de control de longitud fija 010220s1985 fre
020 ## - NÚMERO INTERNACIONAL ESTÁNDAR DEL LIBRO
Número Internacional Estándar del Libro 2130393659
035 ## - NÚMERO DE CONTROL DEL SISTEMA
Número de control de sistema 647901
035 ## - NÚMERO DE CONTROL DEL SISTEMA
Número de control de sistema (OCoLC)777791239
040 ## - FUENTE DE LA CATALOGACIÓN
Centro/agencia transcriptor comduadb
041 ## - CÓDIGO DE LENGUA
Código de lengua del texto/banda sonora o título independiente fre
082 #4 - NÚMERO DE LA CLASIFICACIÓN DECIMAL DEWEY
Número de clasificación 840
100 10 - ENTRADA PRINCIPAL--NOMBRE DE PERSONA
Nombre de persona Maurel, Jean
Código de función aut
Término indicativo de función/relación Autor/a
9 (RLIN) 335236
245 10 - MENCIÓN DE TÍTULO
Título Victor Hugo philosophe
260 ## - PUBLICACIÓN, DISTRIBUCIÓN, ETC.
Lugar de publicación, distribución, etc. París :
Nombre del editor, distribuidor, etc. Presses Universitaires de France,
Fecha de publicación, distribución, etc. 1985.
300 ## - DESCRIPCIÓN FÍSICA
Extensión 128 páginas
650 ## - PUNTO DE ACCESO ADICIONAL DE MATERIA--TÉRMINO DE MATERIA
Término de materia o nombre geográfico como elemento de entrada Filosofia francesa - Siglo XIX
9 (RLIN) 14899
650 ## - PUNTO DE ACCESO ADICIONAL DE MATERIA--TÉRMINO DE MATERIA
Término de materia o nombre geográfico como elemento de entrada Hugo, Victor Marie, 1802-1885 - Pensamiento filosofico
9 (RLIN) 73097
650 ## - PUNTO DE ACCESO ADICIONAL DE MATERIA--TÉRMINO DE MATERIA
Término de materia o nombre geográfico como elemento de entrada Romanticismo - Francia
9 (RLIN) 7515
650 ## - PUNTO DE ACCESO ADICIONAL DE MATERIA--TÉRMINO DE MATERIA
Término de materia o nombre geográfico como elemento de entrada Romanticismo (Filosofia)
9 (RLIN) 51493
650 ## - PUNTO DE ACCESO ADICIONAL DE MATERIA--TÉRMINO DE MATERIA
Término de materia o nombre geográfico como elemento de entrada Literatura francesa - Ensayos
9 (RLIN) 9938
650 #7 - PUNTO DE ACCESO ADICIONAL DE MATERIA--TÉRMINO DE MATERIA
Término de materia o nombre geográfico como elemento de entrada Literatura
Subdivisión general Filosofía
Fuente del encabezamiento o término armarc
9 (RLIN) 196318
942 ## - ELEMENTOS DE ENTRADA AGREGADA (KOHA)
Tipo de ítem Koha Libros
Existencias
Estado de retiro Estado de pérdida Estado dañado No para préstamo Código de colección Localización permanente Ubicación/localización actual Fecha de adquisición Número de inventario Total de préstamos Signatura topográfica completa Código de barras Fecha visto por última vez Número de copia Precio válido a partir de Tipo de ítem Koha
        Colección de Literatura (Piso 1) Biblioteca Carlos Gaviria Díaz, Campus Medellín Biblioteca Carlos Gaviria Díaz, Campus Medellín 21/02/2001 C670552   840.8 H895 Zm 61000003983216 13/02/2026 1 23/04/2023 Libros - Restringido